[Event "Tourn. n8943"]
[Site "www.chess-mail.com"]
[Date "2017.01.29"]
[Round "1"]
[White "Andychesston"]
[Black "Bigrezi"]
[WhiteElo "1950"]
[BlackElo "1850"]
[Result "0-1"]
[Round "1"]
1.e4 c5
2.Ng1f3 d6
3.d4 cxd4
4.Nf3xd4 Ng8f6
5.Nb1c3 Nb8c6
6.Bf1b5 Bc8d7
7.Bc1e3 Ra8c8
8.O-O e6
9.Nd4f3 g6
10.a3 a6
11.Bb5a4 Bf8g7
12.Ba4b3 O-O
13.Qd1d2 Nf6e8
14.Be3h6 Qd8c7
15.Bh6xg7 Kxg7
16.Ra1d1 Rc8d8
17.Nc3e2 Ne8f6
18.Ne2g3 Nc6e7
19.Qd2xd6 Qc7xd6
20.Rd1xd6 Bd7b5
21.Rf1d1 Rd8xd6
22.Rd1xd6 Bb5c6
23.Nf3d2 Ne7c8
24.Rd6d4 Nf6g4
25.Nd2c4 b6
26.f3 Ng4f6
27.Nc4e5 Bc6b7
28.c4 Nc8e7
29.Bb3a2 Ne7c6
30.Ne5xc6 Bb7xc6
31.Rd4d6 Rf8c8
32.b4 b5
33.c5 Nf6e8
34.Rd6d2 Ne8f6
35.e5 Nf6d5
36.Ng3e2 Rc8d8
37.Kf2 Kf8
38.g3 Ke8
39.Ne2d4 Bc6a8
40.c6 Nd5b6
41.Ba2b1 Ba8xc6
42.Ke2 Bc6d5
43.f4 Nb6c4
44.Rd2d3 Bd5e4
45.Rd3d1 Be4xb1
46.Rd1xb1 Rd8xd4
47.Rb1a1 Rd4d2
48.Kf3 Rd2xh2
49.a4 Rh2b2
50.axb5 axb5
51.Ra1a8 Ke7
52.Ra8a7 Kf8
53.Kg4 h6
54.Ra7a8 Kg7
55.Kh4 Rb2xb4
56.g4 Nc4e3
57.Kg3 Rb4b3
58.g5 Ne3f5
59.Kf2 h5
60.Ra8d8 Nf5e7
61.Rd8d7 Ne7d5
62.f5 gxf5
63.Ke2 Rb3e3
64.Kf2 Re3xe5
{ resign }
0-1

[Event "Tourn. n9181"]
[Site "www.chess-mail.com"]
[Date "2017.01.29"]
[Round "1"]
[White "Llcervello"]
[Black "Autmich"]
[WhiteElo "1600"]
[BlackElo "1720"]
[Result "1-0"]
[Round "1"]
1.e4 c5
2.c4 Nb8c6
3.a3 e6
4.b3 d5
5.Bf1d3 Qd8f6
6.Nb1c3 dxe4
7.Bd3xe4 Bf8d6
8.Be4xc6 bxc6
9.Qd1f3 Bc8d7
10.Ra1b1 Qf6g6
11.Nc3b5 Qg6xb1
12.Nb5xd6 Kd8
13.Nd6xf7 Kc7
14.Nf7xh8 Qb1xc1
15.Ke2 Ng8e7
16.Qf3g3 Kb7
17.Qg3d6 Ra8xh8
18.Qd6xd7 Kb6
19.Qd7xe7 Qc1xa3
20.Qe7xg7 Rh8d8
21.Ng1f3 Qa3xb3
22.Qg7xh7 Qb3xc4
23.d3 Qc4c2
24.Nf3d2 c4
25.Rh1b1 Ka6
26.Qh7b7 { resign }
1-0

[Event "Tourn. n9137"]
[Site "www.chess-mail.com"]
[Date "2017.01.29"]
[Round "1"]
[White "Pappilova"]
[Black "Attatroll"]
[WhiteElo "1970"]
[BlackElo "1920"]
[Result "1/2-1/2"]
[Round "1"]
1.e4 c5
2.Nb1c3 Nb8c6
3.Ng1f3 e6
4.Bf1c4 a6
5.a3 b5
6.Bc4a2 c4
7.d3 d5
8.O-O Bf8e7
9.Rf1e1 Ng8f6
10.e5 Nf6d7
11.Bc1f4 O-O
12.h3 Bc8b7
13.Qd1d2 h6
14.Bf4xh6 gxh6
15.Qd2xh6 Rf8e8
16.h4 Be7f8
17.Qh6f4 Bf8g7
18.Nf3g5 Nc6xe5
19.d4 Qd8f6
20.Qf4xf6 Bg7xf6
21.f4 Ne5g4
22.Ra1d1 Kg7
23.Nc3e2 Ng4e3
24.Rd1c1 Ne3f5
{ draw }
1/2-1/2

[Event "Tourn. n9114"]
[Site "www.chess-mail.com"]
[Date "2017.01.29"]
[Round "1"]
[White "Genius3"]
[Black "Lachouette"]
[WhiteElo "1860"]
[BlackElo "1690"]
[Result "1-0"]
[Round "1"]
1.d4 d5
2.c4 e6
3.Nb1c3 Bf8b4
4.e3 Bb4xc3
5.bxc3 c6
6.Ng1f3 f6
7.Bf1d3 Nb8a6
8.cxd5 cxd5
9.Bd3xa6 bxa6
10.O-O Ng8e7
11.Bc1a3 O-O
12.Ra1b1 Bc8d7
13.Rf1e1 Rf8e8
14.e4 Ne7g6
15.exd5 e5
16.dxe5 Ng6xe5
17.Nf3xe5  { time }
1-0

[Event "Match"]
[Site "www.echecsemail.com"]
[Date "2017.01.29"]
[Round "1"]
[White "Biggles"]
[Black "Pdebonis"]
[WhiteElo "2120"]
[BlackElo "2069"]
[Result "0-1"]
[Round "1"]
1.e4 e5
2.Ng1f3 Ng8f6
3.Nf3xe5 d6
4.Ne5f3 Nf6xe4
5.d4 d5
6.Bf1d3 Bf8e7
7.O-O Nb8c6
8.c4 Nc6b4
9.cxd5 Nb4xd3
10.Qd1xd3 Qd8xd5
11.Rf1e1 Bc8f5
12.Nb1c3 Ne4xc3
13.Qd3xc3 Bf5e6
14.Bc1f4 O-O
15.Ra1c1 c6
16.b3 Rf8e8
17.Qc3d2 Be7a3
18.Rc1d1 f6
19.Re1e3 a5
20.Bf4c7 Be6f7
21.Re3xe8 Bf7xe8
22.Bc7b6 Ba3b4
23.Qd2e2 Be8f7
24.h3 a4
25.Bb6c5 Bb4xc5
26.dxc5 Qd5xc5
27.bxa4 h6
28.Rd1d7 b5
29.axb5 Ra8xa2
30.Rd7d8 Kh7
31.Qe2e4 Bf7g6
32.Qe4xc6 Qc5xf2
{ resign }
0-1

[Event "Match"]
[Site "www.echecsemail.com"]
[Date "2017.01.29"]
[Round "1"]
[White "Ztornad"]
[Black "Susov"]
[WhiteElo "1730"]
[BlackElo "1850"]
[Result "0-1"]
[Round "1"]
1.d4 d5
2.Ng1f3 Nb8c6
3.b3 Ng8f6
4.Nb1c3 Bc8f5
5.Nf3e5 Qd8d6
6.Ne5xc6 Qd6xc6
7.Bc1b2 e6
8.e3 Bf8b4
9.a4 Bb4xc3
10.Bb2xc3 Qc6xc3
11.Ke2 Qc3xc2
12.Qd1xc2 Bf5xc2
13.b4 Nf6e4
14.a5 Bc2b3
15.f3 Bb3c4
16.Ke1 Bc4xf1
17.Rh1xf1 O-O
18.fxe4 dxe4
19.Rf1f4 f5
20.h4 a6
21.g4 g6
22.g5 Ra8d8
23.Rf4f2 Kg7
24.Ra1c1 c6
25.Rf2h2 f4
26.Rc1c4 f3
27.Kf2 e5
28.Rh2h1 exd4
29.Rh1d1 dxe3
30.Ke1 f2
31.Ke2 Rd8xd1
32.Kxd1 f1Q
33.Kc2 Qf1xc4
34.Kb2 Qc4xb4
35.Kc2 Rf8f2
{ resign }
0-1

[Event "Match"]
[Site "www.echecsemail.com"]
[Date "2017.01.29"]
[Round "1"]
[White "Jesmantiz"]
[Black "Romaamor69"]
[WhiteElo "2200"]
[BlackElo "2380"]
[Result "0-1"]
[Round "1"]
1.d4 e6
2.e3 c5
3.c3 cxd4
4.cxd4 Ng8f6
5.Bf1d3 Bf8b4
6.Nb1c3 O-O
7.f4 b6
8.Qd1f3 Bc8a6
9.Bd3xh7 Kxh7
10.Qf3xa8 Bb4xc3
11.bxc3 Qd8c7
12.Bc1d2 d5
13.Ng1h3 Nb8d7
14.Nh3g5 Kg8
15.Qa8xf8 Nd7xf8
16.h4 Qc7c4
17.Kd1 Qc4a4
18.Ke1 Qa4b5
19.Kd1 Nf6g4
20.Ng5h3 Ng4xe3
21.Bd2xe3 Qb5e2
22.Kc1 Qe2xe3
23.Kb2 Qe3d2
{ resign }
0-1

[Event "Match"]
[Site "www.echecsemail.com"]
[Date "2017.01.29"]
[Round "1"]
[White "Ssharp"]
[Black "Bojan"]
[WhiteElo "2180"]
[BlackElo "2010"]
[Result "1-0"]
[Round "1"]
1.e4 e5
2.f4 exf4
3.Bf1c4 Qd8h4
4.Kf1 Ng8f6
5.Nb1c3 c6
6.Ng1f3 Qh4h5
7.d4 g5
8.Bc1d2 Bf8b4
9.h4 Nf6g4
10.Nf3e5 Ng4e3
11.Bd2xe3 Qh5xd1
12.Ra1xd1 f6
13.Ne5f7 Rh8f8
14.Be3d2 Rf8xf7
15.Bc4xf7 Kxf7
16.hxg5 fxg5
17.Rh1xh7 Kg8
18.Rh7h5 Bb4e7
19.Ke2 d5
20.Kf3 Bc8e6
21.e5 Be6f7
22.Rh5h2 Bf7e6
23.g4 Nb8d7
24.Rd1h1 Nd7f8
25.Rh2h8 Kf7
26.Rh1h7 Ke8
27.Nc3e2 Kd7
28.Rh7g7 Ra8e8
29.Bd2b4 Nf8g6
30.Rh8xe8 Kxe8
31.Bb4xe7 Ng6xe7
32.Rg7xg5 Be6f7
33.Ne2xf4 Kf8
34.Ke3 b6
35.a4 a5
36.c3 b5
37.axb5 cxb5
38.Rg5f5 Kg7
39.Rf5f6 Bf7e8
40.Nf4e6 Kg8
41.Rf6f8 { resign }
1-0

[Event "Match"]
[Site "www.echecsemail.com"]
[Date "2017.01.29"]
[Round "1"]
[White "Wagner"]
[Black "Ditto"]
[WhiteElo "1810"]
[BlackElo "1780"]
[Result "1-0"]
[Round "1"]
1.e4 c5
2.Bf1c4 e6
3.Ng1f3 Nb8c6
4.c3 Ng8f6
5.d3 Bf8e7
6.e5 Nf6g8
7.Bc1f4 a6
8.Nb1d2 Be7h4
9.g3 Bh4e7
10.h4 Qd8b6
11.b3 Be7d8
12.Bf4e3 Ng8e7
13.d4 cxd4
14.cxd4 Qb6c7
15.Nf3g5 Ne7f5
16.Qd1f3 Ra8b8
17.d5 Nc6xe5
18.Qf3e4 Ne5xc4
19.bxc4 Nf5d6
20.Qe4f3 O-O
21.Be3d4 Nd6f5
22.Qf3e4 Rf8e8
23.g4 f6
24.gxf5 fxg5
25.Bd4e5 exf5
26.Be5xc7 fxe4
27.Bc7xb8 Bd8a5
28.O-O-O g4
29.Bb8f4 Re8f8
30.Bf4e3 d6
31.Nd2xe4 Ba5b4
32.Rh1g1 h5
33.Ne4g5 Bb4a3
34.Kd2 Ba3b4
35.Ke2 Bc8f5
36.Rd1b1 a5
37.f3 Bf5xb1
38.Rg1xb1 Rf8e8
39.Ng5e6 Kf7
40.fxg4 hxg4
41.Rb1f1 Ke7
42.Be3g5 Kd7
43.Kd1 Kc8
44.Rf1f7 g6
45.Rf7c7 Kb8
46.Rc7d7 Re8c8
47.Bg5f4 Rc8h8
48.c5 Kc8
49.Rd7c7 Kb8
50.Bf4xd6 Ka7
51.Bd6e5 Rh8xh4
52.c6 Ka6
53.cxb7 Rh4h1
54.Ke2 Rh1e1
55.Kd3 Re1xe5
56.b8Q Re5xd5
57.Ke4 Rd5d6
58.Rc7a7 
1-0

[Event "Match"]
[Site "www.echecsemail.com"]
[Date "2017.01.29"]
[Round "1"]
[White "Osvalazo"]
[Black "Ditto"]
[WhiteElo "1690"]
[BlackElo "1830"]
[Result "1-0"]
[Round "1"]
1.e4 e5
2.Bf1c4 Nb8c6
3.Qd1f3 Qd8f6
4.Qf3xf6 Ng8xf6
5.Nb1c3 Bf8b4
6.Nc3d5 Nf6xd5
7.Bc4xd5 Nc6e7
8.Ng1f3 d6
9.c3 Bb4c5
10.h4 Bc8g4
11.b4 Bc5b6
12.Nf3h2 Bg4d7
13.O-O c6
14.Bd5b3 Ne7g6
15.h5 Ng6f4
16.d4 Nf4e2
17.Kh1 Ne2xc3
18.f4 Nc3xe4
19.Rf1f3 Bb6xd4
20.Ra1b1 Ne4f2
21.Kg1 Nf2g4
22.Kh1 Ng4xh2
23.Kxh2 Bd7g4
24.Rf3g3 Bg4xh5
25.Rg3xg7 e4
26.Bc1d2 d5
27.Rg7g5 Bh5g6
28.f5 h6
29.Rg5g4 Bg6xf5
30.Rg4f4 Bd4e5
31.g3 Be5xf4
32.Bd2xf4 Ke7
33.Bf4e5 Rh8g8
34.Rb1f1 Ke6
35.Be5d4 Rg8g5
36.Bb3d1 a6
37.Bd4e3 Rg5g6
38.Bd1h5 Rg6f6
39.Be3d4 Ra8g8
40.Bd4xf6 Kxf6
41.g4 Kg5
42.Rf1xf5 Kh4
43.Rf5xf7 Rg8b8
44.Kg2 Kg5
45.Kg3 e3
46.Rf7e7 d4
47.Re7g7 Kf6
48.Rg7g6 Ke5
49.Kf3 Kd5
50.Rg6xh6 Kc4
51.g5 Kd3
52.Bh5g6 Kc3
53.Bg6f7 Rb8f8
54.g6 Kxb4
55.Ke2 c5
56.g7 Rf8xf7
57.g8Q Rf7f2
58.Kd3 Rf2d2
59.Ke4 Rd2b2
60.Rh6b6 Kc3
61.Rb6xb2 Kxb2
62.Qg8b3 Kc1
63.Kd3 c4
64.Qb3xc4 Kd1
65.Qc4c2 Ke1
66.Qc2e2 
1-0

[Event "Tourn. n9104"]
[Site "www.chess-mail.com"]
[Date "2017.01.30"]
[Round "1"]
[White "Prize640"]
[Black "Jobeye"]
[WhiteElo "2420"]
[BlackElo "2379"]
[Result "1-0"]
[Round "1"]
1.e4 e5
2.Ng1f3 Nb8c6
3.Bf1c4 Ng8f6
4.d3 d5
5.exd5 Nf6xd5
6.O-O Bf8e7
7.Rf1e1 Bc8g4
8.h3 Bg4xh3
9.gxh3 Nd5f4
10.Kh2 Qd8d7
11.Bc1xf4 exf4
12.Bc4b5 O-O
13.Nb1d2 Be7c5
14.Nd2e4 Bc5b6
15.Nf3e5 Qd7e6
16.Ne5xc6 bxc6
17.Bb5c4 Qe6g6
18.Re1g1 Qg6h6
19.Qd1g4 Ra8e8
20.Qg4d7 Kh8
21.Bc4xf7 Re8xe4
22.dxe4 f3
23.Rg1g3 Qh6f4
24.Bf7b3 Qf4h6
25.Rg3xf3 Rf8a8
26.Ra1d1 g5
27.e5 g4
28.Qd7d8 Ra8xd8
29.Rd1xd8 Kg7
30.Rd8g8  { time }
1-0

[Event "Tourn. n9179"]
[Site "www.chess-mail.com"]
[Date "2017.01.30"]
[Round "1"]
[White "B0zata"]
[Black "Orhany24"]
[WhiteElo "2170"]
[BlackElo "2230"]
[Result "0-1"]
[Round "1"]
1.g4 e5
2.Bf1g2 d5
3.h3 c5
4.d3 Nb8c6
5.e4 d4
6.Ng1f3 Bf8d6
7.O-O Ng8e7
8.Bc1g5 O-O
9.Nb1d2 Bc8e6
10.Nd2c4 Bd6c7
11.Bg5h4 f6
12.Rf1e1 b5
13.Nc4a3 a6
14.c3 Ne7g6
15.Bh4g3 Qd8d7
16.Qd1d2 c4
17.cxd4 Nc6xd4
18.Nf3xd4 exd4
19.Na3c2 Bc7xg3
20.fxg3 Ng6e5
21.dxc4 d3
22.Nc2b4 bxc4
23.Nb4d5 Ra8b8
24.Ra1b1 Rf8c8
25.Qd2c3 h6
26.Re1d1 Kh7
27.Rd1d2 Be6xd5
28.exd5 Rc8c5
29.b3 Rb8c8
30.b4 Rc5b5
31.a3 a5
32.Kh2 axb4
33.axb4 Qd7d6
34.Bg2e4 g6
35.Be4xd3 Ne5f3
36.Kg2 Nf3xd2
37.Bd3xg6 Kxg6
38.Qc3xd2 Qd6xd5
39.Qd2xd5 Rb5xd5
40.h4 Rd5b5
41.h5 Kf7
42.Kf3 Rc8b8
43.Ke4 Rb5xb4
44.Rb1e1 Rb8e8
45.Kf5 Re8xe1
{ resign }
0-1

[Event "Tourn. n9187"]
[Site "www.chess-mail.com"]
[Date "2017.01.30"]
[Round "1"]
[White "Pinehill"]
[Black "Yoj"]
[WhiteElo "2090"]
[BlackElo "2020"]
[Result "1-0"]
[Round "1"]
1.e4 c6
2.d4 Ng8f6
3.Bf1d3 g6
4.Ng1f3 d6
5.O-O e6
6.Bc1g5 Bf8e7
7.h3 Nb8d7
8.e5  { time }
1-0

[Event "Tourn. n9184"]
[Site "www.chess-mail.com"]
[Date "2017.01.30"]
[Round "1"]
[White "Actmy"]
[Black "Mitja"]
[WhiteElo "2090"]
[BlackElo "2030"]
[Result "1-0"]
[Round "1"]
1.e4 d5
2.exd5 Qd8xd5
3.Nb1c3 Qd5d8
4.d4 e6
5.Ng1f3 h6
6.Bf1c4 c6
7.Bc1e3 Ng8f6
8.Qd1d2 Nb8d7
9.O-O-O Nd7b6
10.Bc4b3 Bf8e7
11.h4 Nf6d5
12.Nc3e4 Nd5xe3
13.fxe3 Nb6d5
14.g4 b6
15.g5 Bc8b7
16.c4 Nd5c7
17.Nf3e5 Nc7a6
18.Qd2f2 Rh8f8
19.d5 cxd5
20.Bb3a4 { resign }
1-0

[Event "Tourn. n9222"]
[Site "www.chess-mail.com"]
[Date "2017.01.30"]
[Round "1"]
[White "Arbiflex"]
[Black "Yaw1"]
[WhiteElo "2299"]
[BlackElo "2149"]
[Result "1-0"]
[Round "1"]
1.h3 f5
2.c4 d5
3.cxd5 Qd8xd5
4.Nb1c3 Qd5f7
5.Ng1f3 Nb8c6
6.e3 e5
7.Bf1b5 Ng8e7
8.Nf3xe5 Qf7e6
9.d4 Ne7d5
10.Nc3xd5 Qe6xd5
11.Bb5xc6 bxc6
12.Qd1h5 Ke7
13.O-O Bc8b7
14.e4 Qd5xe4
15.Qh5f7 { resign }
1-0

[Event "Tourn. n9118"]
[Site "www.chess-mail.com"]
[Date "2017.01.30"]
[Round "1"]
[White "Kampungboy"]
[Black "Jazzy"]
[WhiteElo "2630"]
[BlackElo "2360"]
[Result "1-0"]
[Round "1"]
1.e4 d6
2.d4 Ng8f6
3.Nb1c3 e5
4.dxe5 dxe5
5.Qd1xd8 Kxd8
6.Bc1g5 c6
7.O-O-O Kc7
8.f4 Nb8d7
9.fxe5 Nf6g4
10.Bg5f4 Ng4f2
11.e6 Kd8
12.exd7 Bc8xd7
13.Bf1c4 Nf2xd1
14.Nc3xd1 Bf8c5
15.Ng1f3 f6
16.e5 b5
17.Bc4d3 g5
18.Bf4g3 g4
19.Nf3d2 fxe5
20.Nd2e4 Bc5e7
21.Bg3xe5 Rh8f8
22.Nd1e3 h5
23.c4 b4
24.Bd3c2 a5
25.Bc2a4 Kc8
26.c5 Kb7
27.Rh1d1 Ra8d8
28.Ne3c4 Ka6
29.Be5c7 { resign }
1-0

[Event "Tourn. n9097"]
[Site "www.chess-mail.com"]
[Date "2017.01.30"]
[Round "1"]
[White "Tartan"]
[Black "Ejner"]
[WhiteElo "2460"]
[BlackElo "2410"]
[Result "1/2-1/2"]
[Round "1"]
1.e4 e6
2.d4 d5
3.Nb1c3 Bf8b4
4.e5 c5
5.a3 Bb4xc3
6.bxc3 Qd8c7
7.Qd1g4 f6
8.Ng1f3 c4
9.Bf1e2 Nb8c6
10.O-O Qc7f7
11.Qg4g3 Ng8e7
12.exf6 gxf6
13.Qg3c7 Ne7f5
14.Qc7xf7 Kxf7
15.Rf1d1 Bc8d7
16.Ra1b1 b6
17.Bc1f4 Ra8g8
18.h3 h5
19.a4 Rg8g7
20.Rb1a1 Ke7
21.Rd1e1 Nc6a5
22.Kh1 { draw }
1/2-1/2

[Event "Tourn. n9100"]
[Site "www.chess-mail.com"]
[Date "2017.01.30"]
[Round "1"]
[White "Julian"]
[Black "Lachouette"]
[WhiteElo "1880"]
[BlackElo "1670"]
[Result "1-0"]
[Round "1"]
1.e4 e5
2.Ng1f3 d6
3.d4 Bc8g4
4.dxe5 Bg4xf3
5.Qd1xf3 dxe5
6.Bf1c4 Ng8f6
7.O-O Nb8c6
8.c3 Qd8e7
9.Bc1g5 O-O-O
10.Nb1a3 h6
11.Bg5e3 g5
12.Rf1d1 Bf8g7
13.Qf3f5 Kb8
14.Na3b5 Rd8xd1
15.Ra1xd1 Rh8d8
16.Rd1xd8 Qe7xd8
17.h4 gxh4
18.Bc4xf7 a6
19.Nb5a3 b6
20.Bf7b3 Kb7
21.Na3c4 a5
22.Nc4xe5 Nc6xe5
23.Qf5xe5 Nf6g4
24.Qe5xg7 Ng4xe3
25.fxe3 Qd8d6
26.Bb3d5 Ka6
27.Bd5c4 b5
28.Bc4d5 Qd6c5
29.Qg7xh6  { time }
1-0

[Event "Tourn. n9096"]
[Site "www.chess-mail.com"]
[Date "2017.01.30"]
[Round "1"]
[White "Lachouette"]
[Black "Urbe69"]
[WhiteElo "1670"]
[BlackElo "1729"]
[Result "0-1"]
[Round "1"]
1.d4 e6
2.e4 d5
3.exd5 exd5
4.Ng1f3 Ng8f6
5.Nb1c3 Nb8c6
6.Bc1g5 Bf8b4
7.Bf1b5 h6
8.Bg5xf6 Qd8xf6
9.Qd1e2 Qf6e7
10.Qe2xe7 Kxe7
11.Bb5xc6 bxc6
12.Nf3e5 Rh8e8
13.O-O-O Bb4xc3
14.bxc3 f6
15.Ne5xc6 Kd6
16.Nc6b4 a5
17.Nb4d3 Bc8a6
18.Kd2 Ba6xd3
19.cxd3 Ra8b8
20.Rd1b1 c5
21.a4 cxd4
22.c4 dxc4
23.dxc4 Kc5
24.Rb1xb8 Re8xb8
25.Rh1c1 Rb8b2
26.Kd3 Rb2xf2
27.Rc1b1 Rf2xg2
28.Rb1b5 Kc6
29.Rb5xa5 Rg2xh2
30.Kxd4 Rh2h4
31.Kc3 Kb6
32.Ra5b5 Ka6
33.a5 Rh4e4
34.Kb4 Re4e6
 { time }
0-1

[Event "Tourn. n9125"]
[Site "www.chess-mail.com"]
[Date "2017.01.30"]
[Round "1"]
[White "Jobeye"]
[Black "Genius3"]
[WhiteElo "2100"]
[BlackElo "1850"]
[Result "0-1"]
[Round "1"]
1.d4 d5
2.e3 Ng8f6
3.g3 c6
4.Bf1g2 Bc8f5
5.Ng1e2 e6
6.Nb1c3 Nb8d7
7.Bc1d2 Bf8d6
8.Bg2f3 O-O
9.h3 Qd8e7
10.a3 e5
11.g4 Bf5e6
12.dxe5 Nd7xe5
13.Ne2g3 Ne5xf3
14.Qd1xf3 Nf6d7
15.Ng3e2 Nd7e5
16.Qf3g2 Ne5c4
17.O-O-O Bd6xa3
 { time }
0-1

[Event "Tourn. n9134"]
[Site "www.chess-mail.com"]
[Date "2017.01.30"]
[Round "1"]
[White "Winston"]
[Black "Cal"]
[WhiteElo "1480"]
[BlackElo "1470"]
[Result "1-0"]
[Round "1"]
1.e4 e5
2.Ng1f3 d6
3.d4 exd4
4.Nf3xd4 Ng8f6
5.Nb1c3 Bc8g4
6.Bf1e2 Bg4xe2
7.Qd1xe2 Bf8e7
8.Bc1g5 h6
9.Bg5h4 c5
10.Nd4f5 Nb8d7
11.Nf5xg7 Kf8
12.Ng7f5 Nd7e5
13.Nf5xe7 Qd8xe7
14.Nc3d5 Qe7d8
15.Bh4xf6 Qd8a5
16.c3 c4
17.Bf6xh8 Ne5g6
18.Bh8d4 Qa5d8
19.Qe2xc4 a6
20.O-O b5
21.Qc4b3 Ra8b8
22.g3 a5
23.a4 b4
24.cxb4 axb4
25.Bd4b6 Qd8g5
26.Qb3xb4 Ng6e5
27.Qb4xd6 Kg7
28.Qd6xb8 Ne5f3
29.Kh1 h5
30.Qb8f4 Qg5xf4
31.Nd5xf4 Kh6
32.a5 Nf3d2
33.Rf1e1 Nd2f3
34.Re1e3 Nf3e5
35.a6 Ne5c4
36.Re3b3 Nc4d2
37.Rb3b5 Nd2xe4
38.Rb5xh5 Kg7
39.a7 Ne4xf2
40.Bb6xf2 { resign }
1-0

[Event "Tourn. n8935"]
[Site "www.chess-mail.com"]
[Date "2017.01.30"]
[Round "1"]
[White "Ejner"]
[Black "Tartan"]
[WhiteElo "2450"]
[BlackElo "2430"]
[Result "0-1"]
[Round "1"]
1.c4 Ng8f6
2.Nb1c3 e6
3.d4 Bf8b4
4.Bc1g5 h6
5.Bg5h4 c5
6.d5 d6
7.Ng1f3 Bb4xc3
8.bxc3 e5
9.Nf3d2 Nb8d7
10.e4 Qd8a5
11.Qd1c2 Nf6h5
12.f3 Nd7b6
13.Bh4f2 O-O
14.g3 Rf8e8
15.h4 Bc8d7
16.Bf1e2 Bd7a4
17.Qc2c1 Nh5f6
18.Nd2f1 Ba4d7
19.Qc1d2 Nb6a4
20.Ra1c1 Ra8b8
21.Nf1e3 a6
22.Be2d1 b5
23.g4 Na4b6
24.cxb5 axb5
25.Bd1b3 Nf6h7
26.Ne3f5 Bd7xf5
27.gxf5 Nh7f6
28.Rh1g1 Kh7
29.Bf2e3 Re8g8
30.Kf2 Nb6c4
31.Bb3xc4 bxc4
32.Rc1b1 Rb8b6
33.Rb1b2 Rb6xb2
34.Qd2xb2 Rg8a8
35.Rg1a1 Nf6d7
36.Qb2c2 Ra8b8
37.Ra1b1 Rb8xb1
38.Qc2xb1 Qa5xc3
39.Qb1b7 Qc3c2
40.Kg3 Nd7f6
41.Qb7xf7 Qc2b1
42.a4 c3
43.a5 c2
44.a6 Qb1e1
45.Be3f2 c1Q
{ resign }
0-1

[Event "Tourn. n9174"]
[Site "www.chess-mail.com"]
[Date "2017.01.30"]
[Round "1"]
[White "Libiesse"]
[Black "Julian"]
[WhiteElo "1980"]
[BlackElo "2040"]
[Result "0-1"]
[Round "1"]
1.d4 Ng8f6
2.c4 c5
3.d5 d6
4.Nb1c3 a6
5.a4 g6
6.Ng1f3 Bf8g7
7.e4 O-O
8.Bc1g5 Nb8d7
9.Bf1d3 e6
 { time }
0-1

[Event "Tourn. n9118"]
[Site "www.chess-mail.com"]
[Date "2017.01.30"]
[Round "1"]
[White "Jazzy"]
[Black "Greghghs"]
[WhiteElo "2360"]
[BlackElo "2310"]
[Result "0-1"]
[Round "1"]
1.d4 d5
2.c4 c6
3.e3 Bc8f5
4.Ng1f3 e6
5.Bc1d2 Nb8d7
6.Bf1e2 Ng8f6
7.Nb1c3 dxc4
8.Be2xc4 Nd7b6
9.Bc4e2 Bf8d6
10.Nf3h4 Bf5e4
11.Nh4f3 Be4g6
12.Nf3h4 Qd8e7
13.f4 Ra8d8
14.Nh4xg6 hxg6
15.Qd1c2 Nf6d5
16.Nc3e4 Bd6b4
17.O-O-O Bb4xd2
18.Qc2xd2 Qe7b4
19.Ne4c5 Nb6d7
20.Qd2xb4 Nd5xb4
21.Nc5xb7 Rd8b8
22.Nb7d6 Ke7
23.Nd6c4 Nb4xa2
24.Kd2 Na2b4
25.Rd1a1 a6
26.Ra1a5 c5
27.dxc5 Rh8c8
28.Nc4b6 Nd7xb6
29.cxb6 Rc8c2
30.Ke1 Rb8xb6
31.Kf2 Nb4d5
32.Kf3 Rb6xb2
{ resign }
0-1

[Event "Tourn. n9203"]
[Site "www.chess-mail.com"]
[Date "2017.01.30"]
[Round "1"]
[White "Bojan"]
[Black "Amaya"]
[WhiteElo "2000"]
[BlackElo "2090"]
[Result "0-1"]
[Round "1"]
1.e4 c5
2.f4 e6
3.Qd1g4 Ng8f6
4.Qg4f3 Nb8c6
5.c3 b6
6.d3 d5
7.e5 Nf6d7
8.Ng1e2 Bc8b7
9.d4 cxd4
10.Ne2xd4 Bf8e7
11.Bc1e3 O-O
12.Bf1d3 f6
13.Nd4xc6 Bb7xc6
14.Qf3h3 f5
15.Rh1g1 Nd7c5
16.Bd3c2 Nc5e4
17.g4 Be7h4
18.Qh3xh4 Qd8xh4
19.Ke2 Bc6b5
20.Bc2d3 Qh4xh2
21.Kf3 Bb5xd3
22.Rg1g2 fxg4
{ resign }
0-1

[Event "Tourn. n9215"]
[Site "www.chess-mail.com"]
[Date "2017.01.30"]
[Round "1"]
[White "Vaido12"]
[Black "Pinehill"]
[WhiteElo "2009"]
[BlackElo "2090"]
[Result "1-0"]
[Round "1"]
1.e4 d5
2.exd5 Ng8f6
3.Ng1f3 Qd8xd5
4.Nb1c3 Qd5a5
5.d4 Bc8g4
6.h3 Bg4f5
7.g4 Bf5g6
8.Nf3d2 Nb8c6
9.Nd2c4 Qa5b4
10.a3 Qb4xc3
11.bxc3 e6
12.Bf1d3 Nf6d5
13.Qd1f3 Bg6xd3
14.cxd3 Nd5xc3
15.Nc4e5 Nc6xe5
16.Qf3xb7 Ne5xd3
17.Kd2 Nd3xc1
18.Qb7xa8 { resign }
1-0

[Event "Tourn. n9161"]
[Site "www.chess-mail.com"]
[Date "2017.01.30"]
[Round "1"]
[White "Johnmcbride"]
[Black "Guidom"]
[WhiteElo "1880"]
[BlackElo "2090"]
[Result "0-1"]
[Round "1"]
1.d4 d5
2.e3 c6
3.f4 Ng8f6
4.Bf1d3 e6
5.Ng1f3 Bf8e7
6.O-O O-O
7.Nb1d2 Nb8d7
8.b3 c5
9.c3 b6
10.Bc1b2 Bc8b7
11.h3 Ra8c8
12.dxc5 Be7xc5
13.Qd1e2 Qd8e7
14.b4 Bc5d6
15.a4 e5
16.Nf3xe5 Nd7xe5
17.fxe5 Bd6xe5
18.Ra1c1 Rf8e8
19.Bd3b5 Re8d8
20.Nd2f3 Be5xc3
21.Bb2xc3 Nf6e4
22.Qe2e1 Ne4xc3
23.Rc1xc3 Rc8xc3
24.Qe1xc3 Rd8c8
25.Qc3e5 Qe7xb4
26.Qe5d4 Qb4e7
27.Rf1e1 h6
28.Nf3e5 Rc8c5
29.Ne5d3 Rc5c2
30.Re1c1 Rc2e2
31.Rc1e1 Re2c2
32.e4 dxe4
33.Nd3b4 Rc2c5
34.Re1d1 Kh7
35.Qd4e3 Qe7e6
36.Rd1d7 Rc5xb5
37.Rd7xb7 Rb5xb4
38.Rb7xa7 Rb4b1
39.Kh2 Qe6e5
40.g3 Qe5b2
{ resign }
0-1

[Event "Tourn. n9133"]
[Site "www.chess-mail.com"]
[Date "2017.01.30"]
[Round "1"]
[White "Jobeye"]
[Black "Genius3"]
[WhiteElo "2010"]
[BlackElo "1850"]
[Result "0-1"]
[Round "1"]
1.e4 c5
2.f4 d6
3.c4 Nb8c6
4.Ng1f3 Bc8g4
5.Bf1e2 e6
6.h3 Bg4xf3
7.Be2xf3 Bf8e7
8.e5 dxe5
9.Bf3xc6 bxc6
10.Qd1g4 Ng8f6
11.Qg4xg7 Rh8g8
12.Qg7h6 Rg8g6
13.Qh6h4 Rg6xg2
14.fxe5 Qd8d3
15.Nb1c3 Nf6d5
16.Qh4e4 Qd3xe4
17.Nc3xe4 Kd7
 { time }
0-1

[Event "Tourn. n9150"]
[Site "www.chess-mail.com"]
[Date "2017.01.30"]
[Round "1"]
[White "Szustan"]
[Black "Drawlward"]
[WhiteElo "2660"]
[BlackElo "2580"]
[Result "1-0"]
[Round "1"]
1.e4 c5
2.c3 Ng8f6
3.e5 Nf6d5
4.d4 cxd4
5.Ng1f3 e6
6.cxd4 d6
7.Bf1c4 Nb8c6
8.O-O Bf8e7
9.Qd1e2 O-O
10.Nb1c3 Nd5xc3
11.bxc3 dxe5
12.dxe5 b6
13.Bc1f4 Qd8c7
14.Nf3d4 Nc6xd4
15.cxd4  { time }
1-0

[Event "Tourn. n9155"]
[Site "www.chess-mail.com"]
[Date "2017.01.30"]
[Round "1"]
[White "Libiesse"]
[Black "Bojan"]
[WhiteElo "2000"]
[BlackElo "2030"]
[Result "0-1"]
[Round "1"]
1.d4 d5
2.c4 dxc4
3.Ng1f3 c6
4.Nb1c3 Ng8f6
5.e4 b5
6.a4 Qd8d7
7.axb5 cxb5
8.Bc1g5 Bc8b7
9.Qd1c2 a6
10.Bf1e2 h6
11.Bg5h4 Qd7g4
12.Bh4xf6 exf6
13.O-O Qg4d7
14.Ra1d1 Qd7c7
15.d5 Bf8d6
16.Rf1e1 Nb8d7
17.Be2f1 Nd7e5
18.Nf3h4 g6
 { time }
0-1

[Event "Tourn. n9208"]
[Site "www.chess-mail.com"]
[Date "2017.01.30"]
[Round "1"]
[White "Cernunnoss"]
[Black "Aalekhine"]
[WhiteElo "1950"]
[BlackElo "1950"]
[Result "1-0"]
[Round "1"]
1.e4 e5
2.Ng1f3 Nb8c6
3.Bf1b5 a6
4.Bb5xc6 dxc6
5.O-O f6
6.d4 exd4
7.Nf3xd4 Bf8c5
8.Qd1h5 { resign }
1-0

[Event "Tourn. n9052"]
[Site "www.chess-mail.com"]
[Date "2017.01.30"]
[Round "1"]
[White "Jaroslavpech"]
[Black "Redapond1"]
[WhiteElo "1950"]
[BlackElo "2049"]
[Result "1-0"]
[Round "1"]
1.d4 d5
2.c4 Ng8f6
3.Nb1c3 c6
4.Ng1f3 dxc4
5.a4 Bc8g4
6.Nf3e5 Bg4f5
7.f3 Nb8d7
8.e4 Nd7xe5
9.dxe5 Qd8xd1
10.Kxd1 O-O-O
11.Kc2 Bf5xe4
12.fxe4 Nf6g4
{ time. }
1-0

[Event "Tourn. n9189"]
[Site "www.chess-mail.com"]
[Date "2017.01.30"]
[Round "1"]
[White "Vaido12"]
[Black "Nulladies"]
[WhiteElo "1599"]
[BlackElo "1740"]
[Result "1-0"]
[Round "1"]
1.e4 c5
2.Ng1f3 g6
3.c4 Nb8c6
4.d4 cxd4
5.Nf3xd4 Bf8g7
6.Bc1e3 d6
7.Nb1c3 Ng8f6
8.Bf1e2 O-O
9.O-O Bc8d7
10.f3 Nc6xd4
11.Be3xd4 e5
12.Bd4e3 a6
13.Qd1xd6 Nf6e8
14.Qd6b4 Qd8c7
15.Nc3d5 Qc7d6
16.Qb4xd6 Ne8xd6
17.Ra1d1 f5
18.Nd5b6 Ra8d8
19.Rd1xd6 Rf8f7
20.exf5 gxf5
21.Rf1d1 f4
22.Be3f2 Bg7f8
23.Rd6xd7 Rf7xd7
24.Nb6xd7 Bf8e7
25.Be2d3 Kh8
26.Bd3e4 Kg7
27.c5 Kf7
28.Be4xb7 Ke8
29.c6 { resign }
1-0

[Event "Tourn. n9068"]
[Site "www.chess-mail.com"]
[Date "2017.01.30"]
[Round "1"]
[White "Xkafi"]
[Black "Julian"]
[WhiteElo "1990"]
[BlackElo "1890"]
[Result "1-0"]
[Round "1"]
1.e4 e5
2.Bf1c4 Ng8f6
3.Qd1f3 c6
4.d3 d5
5.exd5 cxd5
6.Bc4b3 Nb8c6
7.Ng1e2 Bc8g4
8.Qf3e3 Bf8d6
9.h3 Bg4e6
10.Qe3g3 O-O
11.Ne2c3 e4
12.Qg3g5 exd3
13.cxd3 a6
14.O-O d4
15.Nc3e2 b5
16.Nb1d2 Be6xb3
17.Nd2xb3 Bd6c7
18.Qg5c5 Nc6e5
19.Bc1f4 Rf8e8
20.Nb3xd4 Ne5xd3
21.Qc5xc7 Nd3xf4
22.Qc7xf4 Ra8c8
23.Ra1d1 Qd8b6
24.Ne2c3 b4
25.Nc3a4 Qb6a5
26.b3 Nf6d5
27.Qf4f5 Re8d8
28.Rf1e1 Qa5c7
29.Nd4f3 Nd5c3
30.Rd1c1 Rd8d5
31.Qf5g4 Nc3e2
32.Re1xe2 Qc7xc1
33.Kh2 Rc8d8
34.Qg4xb4 Qc1c7
35.g3 Rd5b5
36.Qb4e4 g6
37.Na4b2 h5
38.Nb2c4 Kg7
39.Qe4h4 Rd8d3
40.Qh4e4 Rd3d5
41.h4 f5
42.Qe4e3 f4
43.Qe3c3 Kh7
44.Nf3g5 Rd5xg5
45.hxg5 fxg3
46.fxg3 Rb5xg5
47.Re2e8 a5
48.Qc3h8 { resign }
1-0